000 00690nam a2200253Ia 4500
003 OSt
005 20220924124722.0
006 a|||||r|||| 00| 0
007 ta
008 220923b |||||||| |||| 00| 0 ben d
020 _c12.50
024 _a324018
037 _cTextual
040 _aARTS
_cARTS
_bben
041 _2ben
_aben
082 _aO168,6x225,K, M3
100 _aJafar Sayyadah Ed.
_9196782
245 0 _aDeccanni nasar ka intikhab
260 _aNew Delhi
_b Taraqqi Urdu beuro India
_c1983
300 _a168p.
_ccm.
650 _aURDU PROSE
_926866
942 _hO168,6x225,K, M3
_cTEXL
_2CC
999 _c420714
_d420714